000 00296nam a22001337a 4500
008 170426b xxu||||| |||| 00| 0 eng d
020 _a9780815317005
041 _aeng
080 _a54
100 _a12
101 _aSHM
245 _aMECHANISM IN PROTEIN CHEMISTRY
_cKYTE, J
942 _2udc
_cBK
999 _c12214
_d12214